000 00278nam a22001337a 4500
008 170715b xxu||||| |||| 00| 0 eng d
020 _a9780486282701
041 _aeng
080 _a82
100 _a22
101 _aGJL
245 _aPRAGMATISM
_cJAMES , W
942 _2udc
_cBK
999 _c20992
_d20992